Vista normal
Vista MARC
Entrada Corporate Name
Número de registros utilizados en: 1
001 - CONTROL NUMBER
- control field: 12350
003 - CONTROL NUMBER IDENTIFIER
- control field: Mx-PuUPA
005 - DATE AND TIME OF LATEST TRANSACTION
- control field: 20220324125016.0
008 - FIXED-LENGTH DATA ELEMENTS
- fixed length control field: 220324|| aca||aabn | a|a d
040 ## - CATALOGING SOURCE
- Original cataloging agency: Mx-PuUPA
- Language of cataloging: spa
- Transcribing agency: Mx-PuUPA
- Modifying agency: Mx-PuUPA
- Description conventions: rda
110 1# - HEADING--CORPORATE NAME
- Corporate name or jurisdiction name as entry element: Academia Iberoamericana y Filipina de historia postal,
372 ## - FIELD OF ACTIVITY
- Field of activity: Geografía e historia
374 ## - OCCUPATION
- Occupation: Autor
377 ## - ASSOCIATED LANGUAGE
- Language code: spa
670 ## - SOURCE DATA FOUND
- Source citation: Diccionario geográfico postal de homónimos hispánicos, 1956:
- Information found: t.p. (Academia Iberoamricana y Filipina de historia postal) portada